Plan de negocio de reestructuración productiva y comercial, para la Repostería Lunimar, en la ciudad de Juigalpa, Chontales
En el presente trabajo se realizó un plan de negocios para la microempresa Lunimar ubicada en la ciudad de Juigalpa departamento de Chontales Nicaragua. La idea se establece con la necesidad de poder mejorar la viabilidad y rentabilidad de dicha microempresa, además de comercializar este producto...
| Main Authors: | , , |
|---|---|
| Other Authors: | |
| Format: | Tesis Section = Libro |
| Language: | Undetermined Spanish |
| Published: |
Managua
UNI
2022
|
| Subjects: |
| LEADER | 01288nam a2200289Ia 4500 | ||
|---|---|---|---|
| 008 | 240830s9999 xx 000 0 und d | ||
| 040 | |a BIBLIOTECA-RUPAP/ Mon 658.11 M672 | ||
| 041 | |a spa | ||
| 082 | |a Mon 658.11 M672 | ||
| 100 | 1 | |a Miranda Briceño, Jared Jeroham | |
| 100 | 1 | |b Sandigo Mejía, Norlan Antonio | |
| 100 | 1 | |c Escobar Jarquín, Maynor Enrique | |
| 245 | 1 | 0 | |a Plan de negocio de reestructuración productiva y comercial, para la Repostería Lunimar, en la ciudad de Juigalpa, Chontales |
| 260 | |a Managua |b UNI |c 2022 | ||
| 300 | |a 79 p. :il. | ||
| 500 | |a Contiene: anexos y CD. | ||
| 502 | |a Tesis (Ingeniero Agroindustrial) - UNI, 2022. | ||
| 520 | 3 | |a En el presente trabajo se realizó un plan de negocios para la microempresa Lunimar ubicada en la ciudad de Juigalpa departamento de Chontales Nicaragua. La idea se establece con la necesidad de poder mejorar la viabilidad y rentabilidad de dicha microempresa, además de comercializar este producto en diferentes zonas del departamento. | |
| 650 | 7 | |a NEGOCIOS | |
| 650 | 7 | |b PLANIFICACION EMPRESARIAL | |
| 650 | 7 | |c ESTUDIO DE MERCADO | |
| 650 | 7 | |d EVALUACION FINANCIERA | |
| 650 | 7 | |e REPOSTERIA-COMERCIO | |
| 700 | 1 | |a Tutor: |b León Huete, Wesly Escandar | |
| 942 | |c BK |2 ddc | ||
| 991 | |a Tesis | ||
| 999 | |c 27629 | ||